00752nas a2200229 4500001001300000003000900013005001700022007000300039008003400042040005400076041000900130072001300139100001700152100002100169245009700190650002000287650002900307650002400336650002400360650002200384773011600406BR2012008556BR-BrBNA20231205121511.0ta230509b bl.|||p| |||| 00| 00por d aBR-BrBNAbporcBiblioteca Nacional de Agricultura a(Pt) aP33; F071 aEltz, F.L.F.1 aRovedder, A.P.M.1 aRevegetação e temperatura do solo em áreas degradadas no sudoeste do Rio Grande do Sul aREVEGETAÇÃO aDETERIORAÇÃO DO SOLO aTEMPERATURA DO SOLO aPLANTA DE COBERTURA aRIO GRANDE DO SUL0 tRevista Brasileira de Agrociência (Brazil)xISSN 0104-8996g(Apr-Jun 2005), v. 11(2) p. 193-200wBR2012008556